Statistiques concernant Noël par lettre - A

Cliquez ici pour prendre le quiz!

Statistiques générales

  • Ce quiz a été pris 470 fois
  • Le résultat moyen est 6 sur 10

Statistiques - réponses

IndiceRéponse% Correct
Un sapin la plupart du temps{Arbre} de Noël
91%
Période liturgique précédant NoëlAvent
83%
Aux côtés du bœuf dans la crècheAne
78%
Région française attirant des millions de touristes
dans ses marchés de Noël chaque année
Alsace
76%
Célèbre chanson de Noël de Mariah CareyAll I Want for Christmas Is You
63%
Pays d'origine de ce dernierAllemagne
59%
Ils "sont dans nos campagnes" selon le cantiqueAnges
47%
Interprète franco-arménien de Noël à ParisCharles Aznavour
45%
Guillaume Ier, couronné le 25 décembre 1066, est
considéré comme son premier véritable monarque
Angleterre
38%
Film d'animation où Santa forme son successeurL'Apprenti Père Noël
15%

Distribution des résultats

Percentile par nombre de réponses

% des personnes avec chaque résultat

Votre développement - résultats

Vous n’avez pas pris ce quiz